Ulice na Kazimierzu w Krakowie - Statystyki

Ogólne statystyki
  • Ten quiz został rozwiązany 133 razy
  • Średni wynik to 21 z 52
Odpowiedzi na mapie
Odpowiedzi zakodowano w zielono-czerwonej skali na mapie do tego quizu, zgodnie z poniższymi procentami.
 
Statystyki odpowiedzi
Odpowiedź % Poprawnych
Miodowa
87%
Starowiślna
87%
Krakowska
83%
Kupa
81%
Józefa
79%
Świętego Wawrzyńca
73%
Plac Wolnica
70%
Józefa Dietla
60%
Plac Nowy
60%
Podgórska
59%
Bożego Ciała
57%
Estery
57%
Dajwór
56%
Szeroka
56%
Gazowa
51%
Mostowa
43%
Orzeszkowej
43%
Augustiańska
41%
Brzozowa
40%
Most Piłsudskiego
40%
Rzeszowska
40%
Skawińska
40%
Swiętego Sebastiana
40%
Halicka
39%
Jakuba
39%
Joselewicza
39%
Kładka Ojca Bernatka
39%
Skaleczna
39%
Izaaka
37%
Meiselsa
37%
Paulińska
37%
Warszauera
37%
Ciemna
34%
Przemyska
34%
Bocheńska
33%
Trynitarska
30%
Nowa
29%
Rybaki
27%
Kordeckiego
26%
Plac Bawół
26%
Lewkowa
21%
Wąska
21%
Węgłowa
20%
Wrzesińska
20%
Bonifraterska
19%
Podbrzezie
19%
Świętego Stanisława
19%
Piekarska
17%
Bartosza
16%
Wietora
14%
Na Przejściu
13%
Chmielowskiego
11%
Nie znaleziono quizów pasujących do podanych kryteriów
Rozkład punktacji
Procent ludzi z każdym wynikiem
Percentyl według liczby udzielonych odpowiedzi
Twoja historia wyników
Nie rozwiązałeś tego quizu